[Event "GER Pfingstopen U16"]
[Site "Playchess.com INT"]
[Date "2020.06.05"]
[Round "2"]
[White "Khachatryan, Taron"]
[Black "Grave, Lukas"]
[Result "1-0"]
[WhiteElo "1678"]
[BlackElo "1376"]
[PlyCount "70"]
[EventDate "2020.06.05"]
[EventType "swiss (blitz)"]
[EventRounds "11"]
[EventCountry "GER"]
[SourceTitle "CBM 197 Extra"]
[Source "ChessBase"]
[SourceDate "2020.09.30"]
[SourceVersion "1"]
[SourceVersionDate "2020.09.30"]
[SourceQuality "1"]

1. Nf3 Nc6 2. d4 d5 3. Bf4 Bf5 4. e3 e6 5. a3 Bd6 6. Bg3 Bxg3 7. hxg3 Qe7 8. Bb5 a6 9. Bd3 Bg6 10. Bxg6 fxg6 11. Qd3 0-0-0 12. Nbd2 Nf6 13. b4 e5 14. dxe5 Nxe5 15. Nxe5 Qxe5 16. Rb1 d4 17. Nf3 Qe6 18. Nxd4 Qa2 19. Qb3 Qxb3 20. Rxb3 Ne4 21. g4 h5 22. gxh5 gxh5 23. Rd3 g5 24. Ne6 Rxd3 25. cxd3 Nf6 26. Nxg5 Rd8 27. Ke2 b5 28. Ne4 Kb7 29. Nxf6 Kc6 30. Rxh5 Kd6 31. Rd5+ Ke7 32. Rxd8 Kxd8 33. g4 Ke7 34. Nd5+ Kd6 35. Nxc7 Kd7 1-0

[Event "GER Cup Net V4 U1600"]
[Site "Playchess.com INT"]
[Date "2020.05.31"]
[Round "1"]
[White "Tonne, Grant Hendrik"]
[Black "Grave, Lukas"]
[Result "1-0"]
[WhiteElo "1620"]
[BlackElo "1407"]
[PlyCount "50"]
[EventDate "2020.05.31"]
[EventType "swiss (blitz)"]
[EventRounds "9"]
[EventCountry "GER"]
[SourceTitle "EXT 2021"]
[Source "ChessBase"]
[SourceDate "2020.10.23"]
[SourceVersion "1"]
[SourceVersionDate "2020.10.23"]
[SourceQuality "1"]

1. e4 e5 2. Nf3 Nc6 3. Bc4 Bc5 4. c3 Nf6 5. d4 exd4 6. cxd4 Bb4+ 7. Bd2 Bxd2+ 8. Nbxd2 0-0 9. e5 Ng4 10. h3 Nh6 11. 0-0 d6 12. Qe2 dxe5 13. dxe5 Nd4 14. Qe4 Nxf3+ 15. Nxf3 Be6 16. Bxe6 fxe6 17. Qxb7 a5 18. Qc6 Rb8 19. Qxe6+ Kh8 20. Rad1 Qc8 21. Qxc8 Rfxc8 22. Rd2 Nf5 23. Rc1 Rb5 24. Rxc7 Ne7 25. Rxc8+ Nxc8 1-0

[Event "GER-ch Net Amateur Gr-C Final"]
[Site "Playchess.com INT"]
[Date "2020.04.18"]
[Round "5"]
[White "Grave, Lukas"]
[Black "Hartmann, Lasse Elias"]
[Result "0-1"]
[WhiteElo "1428"]
[BlackElo "1580"]
[PlyCount "78"]
[EventDate "2020.04.18"]
[EventType "swiss (blitz)"]
[EventRounds "13"]
[EventCountry "GER"]
[SourceTitle "CBM 195 Extra"]
[Source "ChessBase"]
[SourceDate "2020.05.31"]
[SourceVersion "1"]
[SourceVersionDate "2020.05.31"]
[SourceQuality "1"]

1. e4 e6 2. d4 d5 3. e5 c5 4. c3 Nc6 5. Bb5 Bd7 6. Qa4 a6 7. Bxc6 Bxc6 8. Qc2 b5 9. Nf3 c4 10. 0-0 Ne7 11. Bf4 Ng6 12. Bg3 Be7 13. Nbd2 0-0 14. Rfe1 a5 15. h3 b4 16. cxb4 axb4 17. b3 c3 18. Nf1 Bb5 19. Ne3 Qb6 20. h4 Qa6 21. h5 Nh8 22. Bh4 Bxh4 23. Nxh4 Bd3 24. Qc1 f6 25. exf6 Rxf6 26. Ng4 Rff8 27. Qg5 Nf7 28. Nh6+ Nxh6 29. Qe5 Rf6 30. Re3 Ng4 31. Qc7 Nxe3 32. h6 Rxh6 33. g3 Qa7 34. Qe5 Ng4 35. Qf4 Nf6 36. g4 Ne4 37. g5 Qf7 38. Qe3 Rxh4 39. Qxd3 Qxf2# 0-1

[Event "GER-ch Net Amateur Gr-C Final"]
[Site "Playchess.com INT"]
[Date "2020.04.18"]
[Round "1"]
[White "Grave, Lukas"]
[Black "Slotta, Nico"]
[Result "1-0"]
[WhiteElo "1428"]
[BlackElo "1597"]
[PlyCount "125"]
[EventDate "2020.04.18"]
[EventType "swiss (blitz)"]
[EventRounds "13"]
[EventCountry "GER"]
[SourceTitle "CBM 195 Extra"]
[Source "ChessBase"]
[SourceDate "2020.05.31"]
[SourceVersion "1"]
[SourceVersionDate "2020.05.31"]
[SourceQuality "1"]

1. e4 c6 2. d4 d5 3. e5 Bf5 4. Bd3 Bxd3 5. Qxd3 e6 6. Nf3 c5 7. c3 cxd4 8. cxd4 Bb4+ 9. Bd2 Bxd2+ 10. Nbxd2 Ne7 11. 0-0 0-0 12. Ng5 Ng6 13. Ndf3 h6 14. Nh3 Nc6 15. a3 Qb6 16. b4 Rac8 17. b5 Na5 18. a4 Nc4 19. Ra2 a6 20. Rb1 Qd8 21. Nd2 Nxd2 22. Qxd2 axb5 23. Rxb5 Qd7 24. Rab2 Rb8 25. a5 Qc7 26. g3 Ne7 27. f4 Nc6 28. Qd3 Na7 29. R5b3 Qxa5 30. g4 Qe1+ 31. Kg2 Qa5 32. g5 h5 33. g6 f5 34. Ng5 Rfe8 35. Rxb7 Rxb7 36. Rxb7 Qa2+ 37. Kf3 Nc6 38. h4 Qh2 39. Qb5 Qh1+ 40. Ke3 Qg1+ 41. Kd3 Qxd4+ 42. Kc2 Qc4+ 43. Qxc4 dxc4 44. Kc3 Rc8 45. Nxe6 Kh8 46. Rxg7 Na5 47. Rh7+ Kg8 48. Rg7+ Kh8 49. Ra7 Kg8 50. Rxa5 Kh8 51. g7+ Kg8 52. Ra4 Re8 53. Ra6 Rxe6 54. Rxe6 Kxg7 55. Kxc4 Kf7 56. Rf6+ Kg7 57. Kd5 Kh7 58. e6 Kg7 59. Ke5 Kh7 60. e7 Kg7 61. e8Q Kh7 62. Qe7+ Kg8 63. Rf8# 1-0

[Event "GER-ch Net Amateur Gr-C Final"]
[Site "Playchess.com INT"]
[Date "2020.04.18"]
[Round "10"]
[White "Hoffmann, Tom"]
[Black "Grave, Lukas"]
[Result "1-0"]
[WhiteElo "1611"]
[BlackElo "1428"]
[PlyCount "87"]
[EventDate "2020.04.18"]
[EventType "swiss (blitz)"]
[EventRounds "13"]
[EventCountry "GER"]
[SourceTitle "CBM 195 Extra"]
[Source "ChessBase"]
[SourceDate "2020.05.31"]
[SourceVersion "1"]
[SourceVersionDate "2020.05.31"]
[SourceQuality "1"]

1. d4 e5 2. dxe5 Nc6 3. Nf3 Qe7 4. Nc3 Nxe5 5. Nxe5 Qxe5 6. Qd5 Qxd5 7. Nxd5 Bd6 8. e4 c6 9. Bf4 Bxf4 10. Nxf4 d6 11. 0-0-0 Nf6 12. f3 0-0 13. Rxd6 c5 14. Nd5 Ne8 15. Rd8 f6 16. Ne7+ Kf7 17. Rxc8 Rxc8 18. Nxc8 Ke6 19. Bc4+ Kd7 20. Nxa7 Nd6 21. Bd3 Ra8 22. Nb5 Rxa2 23. Kb1 Ra5 24. Nxd6 Kxd6 25. Rd1 Ke5 26. Bc4 b5 27. Be2 Kf4 28. Rd5 c4 29. Bxc4 Ke3 30. Rxb5 Rxb5 31. Bxb5 Kf2 32. Bd3 Kxg2 33. b4 Kxf3 34. b5 g5 35. b6 Kg2 36. b7 Kxh2 37. b8Q+ Kh3 38. Qh8 f5 39. Qxh7+ Kg4 40. Qxf5+ Kh4 41. Be2 Kg3 42. Qf3+ Kh2 43. Bf1 g4 44. Qg2# 1-0

[Event "GER-ch Net Amateur Gr-C Vor2"]
[Site "Playchess.com INT"]
[Date "2020.04.15"]
[Round "2"]
[White "Hoffmann, Tom"]
[Black "Grave, Lukas"]
[Result "1-0"]
[WhiteElo "1644"]
[BlackElo "1469"]
[PlyCount "141"]
[EventDate "2020.04.15"]
[EventType "swiss (blitz)"]
[EventRounds "9"]
[EventCountry "GER"]
[SourceTitle "CBM 196 Extra"]
[Source "ChessBase"]
[SourceDate "2020.07.31"]
[SourceVersion "1"]
[SourceVersionDate "2020.07.31"]
[SourceQuality "1"]

1. d4 d5 2. Bf4 Nc6 3. Nf3 Nf6 4. e3 Bf5 5. Bd3 Bg6 6. c3 e6 7. Bxg6 hxg6 8. Qb3 b6 9. Nbd2 Bd6 10. Bg5 Qd7 11. Qc2 0-0-0 12. 0-0-0 Rde8 13. Qa4 a5 14. Qb5 Nb8 15. Qxd7+ Nbxd7 16. Rde1 Ng4 17. Re2 f6 18. Bh4 g5 19. Bg3 Bxg3 20. fxg3 e5 21. dxe5 Ngxe5 22. Nxe5 Nxe5 23. h3 g4 24. e4 dxe4 25. Rxe4 Nd3+ 26. Kc2 Rxe4 27. Nxe4 Ne5 28. Kd2 Kd7 29. Nf2 Nc4+ 30. Kc2 Ne3+ 31. Kd2 Nxg2 32. Nxg4 f5 33. Ne3 f4 34. Nxg2 fxg3 35. h4 g5 36. Ke3 gxh4 37. Rxh4 Rxh4 38. Nxh4 Ke6 39. Kf3 Ke5 40. Ke3 c5 41. c4 a4 42. b3 a3 43. Nf3+ Kf5 44. Nd2 Kg4 45. Ke2 g2 46. Nf3 Kg3 47. Ng1 Kh2 48. Kf2 Kh1 49. Nf3 b5 50. cxb5 c4 51. bxc4 g1Q+ 52. Nxg1 Kh2 53. Ke3 Kxg1 54. b6 Kf1 55. b7 Ke1 56. b8Q Kd1 57. Qb3+ Kc1 58. Qxa3+ Kb1 59. Qb3+ Ka1 60. Qd1+ Kxa2 61. Qa1+ Kxa1 62. c5 Ka2 63. c6 Kb2 64. c7 Kb3 65. c8Q Kb4 66. Kd4 Kb3 67. Qc5 Kb2 68. Qc4 Kb1 69. Qe2 Kc1 70. Kc3 Kb1 71. Qb2# 1-0

[Event "GER-ch Net Amateur Gr-C Vor1"]
[Site "Playchess.com INT"]
[Date "2020.04.14"]
[Round "2"]
[White "Grave, Lukas"]
[Black "Lang, Dirk"]
[Result "0-1"]
[WhiteElo "1620"]
[BlackElo "1350"]
[PlyCount "26"]
[EventDate "2020.04.14"]
[EventType "swiss (blitz)"]
[EventRounds "9"]
[EventCountry "GER"]
[SourceTitle "CBM 196 Extra"]
[Source "ChessBase"]
[SourceDate "2020.07.31"]
[SourceVersion "1"]
[SourceVersionDate "2020.07.31"]
[SourceQuality "1"]

1. e4 e6 2. d4 d5 3. e5 c5 4. c3 Nc6 5. Nf3 Qb6 6. b3 cxd4 7. cxd4 Nge7 8. Be3 Nf5 9. Nc3 Bb4 10. Qc2 Nfxd4 11. Nxd4 Nxd4 12. Bxd4 Qxd4 13. Rd1 Bxc3+ 0-1

[Event "GER-ch Net Amateur Gr-C Vor1"]
[Site "Playchess.com INT"]
[Date "2020.04.14"]
[Round "1"]
[White "Radeke, Rico"]
[Black "Grave, Lukas"]
[Result "1-0"]
[WhiteElo "1473"]
[BlackElo "1620"]
[PlyCount "137"]
[EventDate "2020.04.14"]
[EventType "swiss (blitz)"]
[EventRounds "9"]
[EventCountry "GER"]
[SourceTitle "CBM 196 Extra"]
[Source "ChessBase"]
[SourceDate "2020.07.31"]
[SourceVersion "1"]
[SourceVersionDate "2020.07.31"]
[SourceQuality "1"]

1. d4 d5 2. c4 c6 3. e3 Nf6 4. Nc3 g6 5. Nf3 Bg7 6. Be2 0-0 7. 0-0 Nbd7 8. c5 Qc7 9. b4 e5 10. dxe5 Nxe5 11. Bb2 Nfg4 12. g3 b6 13. Nxe5 Qxe5 14. Qc2 Qh5 15. h4 Qh6 16. Qd1 g5 17. Bxg4 Bxg4 18. Qxg4 gxh4 19. Qxh4 Qxh4 20. gxh4 Rfe8 21. Kh1 Rab8 22. Rg1 bxc5 23. a3 cxb4 24. axb4 Rxb4 25. Ra2 Rxh4+ 26. Kg2 Rg4+ 27. Kf1 Rxg1+ 28. Kxg1 Rb8 29. Kf1 Rxb2 30. Rxb2 Bxc3 31. Rc2 Be5 32. Rxc6 Kg7 33. Ra6 Bb8 34. Ke2 f6 35. Kd3 Kg6 36. e4 dxe4+ 37. Kxe4 Kg5 38. Kf3 h5 39. Ra4 h4 40. Kg2 f5 41. Kh3 f4 42. f3 Kh5 43. Ra5+ Kg6 44. Kxh4 Kf6 45. Kg4 Ke7 46. Kf5 Kd6 47. Ke4 Kc6 48. Kd4 Kb6 49. Rf5 a6 50. Kc4 Bd6 51. Rf6 Kc6 52. Rg6 a5 53. Kd4 a4 54. Kc4 a3 55. Kb3 Kd5 56. Rg8 Kd4 57. Rd8 Kd5 58. Kc3 a2 59. Kb2 Ke6 60. Kxa2 Be7 61. Ra8 Kd5 62. Ra4 Bc5 63. Kb3 Ke5 64. Kc2 Kf5 65. Kd3 Kg5 66. Ke4 Bd6 67. Ra5+ Kh4 68. Rf5 Kg3 69. Rf6 1-0